00397nam a2200121Ia 4500008004100000020001800041082001500059100002900074245007600103260003200179500004100211650002300252120629s9999 xx 000 0 und d a968-7681-16-0 a657.1 E42p aElizondo López, Arturo aProceso contable 1 : contabilidad fundamental / Arturo Elizondo López aAustralia : Ecafsa, Thomson aBibliografía e índice de figuras a1. CONTABILIDADÌ